|
|
|
|
| LEADER |
00000nas a2200000 a 4500 |
| 001 |
ssj0057633 |
| 003 |
WaSeSS |
| 005 |
20200512172242.0 |
| 006 |
m d |
| 007 |
cr n |
| 008 |
890131c19899999iluqr p s | a0eng |
| 010 |
|
|
|a 2011202349
|
| 022 |
|
|
|a 2163-0240
|l 1042-5675
|y 1042-5675
|
| 035 |
|
|
|a (WaSeSS)ssj0057633
|
| 037 |
|
|
|b American Bar Association, Center for Professional Responsibility, 321 N. Clark Street, Chicago, IL 60610-4714
|
| 040 |
|
|
|a Nz
|b eng
|c UX0
|d OCLCQ
|d ZBL
|d CUI
|d MUQ
|d CUD
|d DLC
|d OCLCQ
|d COO
|d OCLCO
|d OCLCF
|d OCLCQ
|d OCLCA
|d VT2
|d UUM
|d WaSeSS
|
| 042 |
|
|
|a pcc
|a nsdp
|
| 043 |
|
|
|a n-us---
|
| 050 |
1 |
4 |
|a KF300.A1
|b P76
|
| 082 |
1 |
0 |
|a 340
|2 11
|
| 130 |
0 |
|
|a Professional lawyer (Online)
|
| 210 |
0 |
|
|a Prof. lawyer
|b (Online)
|
| 222 |
|
4 |
|a The Professional lawyer
|b (Online)
|
| 245 |
1 |
4 |
|a The Professional lawyer
|h [electronic resource] :
|b PL /
|c Special Coordinating Committee on Professionalism, American Bar Association Center for Professional Responsibility.
|
| 246 |
3 |
|
|a PL
|
| 260 |
|
|
|a [Chicago, IL] :
|b The Committee,
|c [©1989]-
|
| 310 |
|
|
|a Quarterly
|
| 362 |
0 |
|
|a Vol. 1, no. 1 (spring 1989)-
|
| 500 |
|
|
|a Initialism PL dropped as other title information, Nov. 1993-
|
| 500 |
|
|
|a Title from caption (Heineonline.org, viewed Jan. 31, 1989).
|
| 506 |
|
|
|a License restrictions may limit access.
|
| 516 |
|
|
|a Text (electronic journal).
|
| 538 |
|
|
|a Mode of access: World Wide Web.
|
| 550 |
|
|
|a Issued by: American Bar Association Center for Professional Responsibility and the Standing Committee on Professionalism, Nov. 1992-
|
| 580 |
|
|
|a Has annual companion publication: 1993 Professional lawyer. Symposium issue, and, 1994-<2003> Symposium issue of The professional lawyer.
|
| 588 |
|
|
|a Latest issue consulted: Vol. 20, issue no. 4 (2011) (Americanbar.org, viewed Aug. 19, 2011).
|
| 650 |
|
0 |
|a Lawyers
|z United States
|v Periodicals.
|
| 650 |
|
0 |
|a Legal ethics
|z United States
|v Periodicals.
|
| 650 |
|
0 |
|a Practice of law
|z United States
|v Periodicals.
|
| 650 |
|
6 |
|a Avocats
|z États-Unis
|v Périodiques.
|
| 650 |
|
6 |
|a Droit
|x Pratique
|z États-Unis
|v Périodiques.
|
| 650 |
|
7 |
|a Lawyers.
|2 fast
|0 (OCoLC)fst00994346
|
| 650 |
|
7 |
|a Legal ethics.
|2 fast
|0 (OCoLC)fst00995475
|
| 650 |
|
7 |
|a Practice of law.
|2 fast
|0 (OCoLC)fst01074534
|
| 651 |
|
7 |
|a United States.
|2 fast
|0 (OCoLC)fst01204155
|
| 655 |
|
0 |
|a Electronic journals.
|
| 710 |
2 |
|
|a American Bar Association.
|b Special Coordinating Committee on Professionalism.
|
| 710 |
2 |
|
|a American Bar Association.
|b Standing Committee on Professionalism.
|
| 710 |
2 |
|
|a Center for Professional Responsibility (American Bar Association)
|
| 710 |
2 |
|
|a LexisNexis (Firm)
|
| 776 |
1 |
|
|t Professional lawyer
|x 1042-5675
|w (DLC) 89642434
|w (OCoLC)19084640
|
| 787 |
1 |
|
|t Professional lawyer. Symposium issue (Online)
|
| 787 |
1 |
|
|t Symposium issue of The professional lawyer (Online)
|
| 856 |
4 |
0 |
|z Full text available from Research Library: 01/01/2007 to present
|u https://search.proquest.com/publication/28561
|